000
00369nam a2200145Ia 4500
008
231129s1982||||xx |||||||||||||| ||spa||
020
_a
968-13-0065-3
040
_b
spa
082
_a
797.23 P348t
100
_a
Pazos Baltasar
245
0
_a
Técnicas de buceo deportivo
260
_c
1982
264
_a
Diana
942
_2
ddc
_c
BKS
999
_c
25073
_d
25073